| 000 | 00671nam a22001577a 4500 | ||
|---|---|---|---|
| 003 | OSt | ||
| 005 | 20151022164256.0 | ||
| 008 | 151022b xxu||||| |||| 00| 0 eng d | ||
| 040 | _cRUA | ||
| 082 | _aAVM HY 2011 B100 Or.1 | ||
| 100 |
_92702 _aHY, YOTTHEI. |
||
| 245 | _aEffect of using fresh water spinach and fresh mulberry leaves on geowth performance of rabbits, ប្រសិទ្ធភាពនៃការប្រើប្រាស់ត្រកួនស្រស់ និងស្លឹកមនស្រស់លើការលូតលាស់របស់ទន្សាយ. | ||
| 260 |
_aphnom phen _bRUA _c2011 |
||
| 300 | _aIX,37p. | ||
| 942 |
_2ddc _cAVM |
||
| 999 |
_c2527 _d2527 |
||